No Letters Allowed: US States Edition - Statistics

General Stats
  • This quiz has been taken 22 times
    9 since last reset
  • The average score is 6 of 7
Answer Stats
No letters from... # of letters Answer % Correct
QWERTY Row (QWERTYUIOP) 7 Alabama
100%
QWERTY Row (QWERTYUIOP) 6 Alaska
100%
LEXICON 4 Utah
88%
ASDFGH Row (ASDFGHJKL) 11 Connecticut
75%
QWERTY Row (QWERTYUIOP) 6 Kansas
75%
ASDFGH Row (ASDFGHJKL) 9 New Mexico
75%
ASDFGH Row (ASDFGHJKL) 7 Vermont
50%
No matching quizzes found
Score Distribution
Percent of People with Each Score
Percentile by Number Answered
Your Score History
You have not taken this quiz since the last reset